|
|
|
|
| LEADER |
01887nam a2200409 i 4500 |
| 001 |
001488302 |
| 003 |
CZ BrMZK |
| 005 |
20160122085905.0 |
| 007 |
ta |
| 008 |
150915s2013 lh abj f 000 0 ger |
| 020 |
|
|
|a 978-3-906393-69-8
|q (brožováno)
|
| 040 |
|
|
|a BOA001
|b cze
|e rda
|
| 043 |
|
|
|a e-xr---
|
| 072 |
|
7 |
|a 929.5/.9
|x Genealogie. Heraldika. Šlechta. Vlajky
|2 Konspekt
|9 8
|
| 080 |
|
|
|a 929.732
|2 MRF
|
| 080 |
|
|
|a 94(437.3)
|2 MRF
|
| 080 |
|
|
|a (082)
|2 MRF
|
| 100 |
1 |
|
|a Merki, Christoph Maria,
|d 1960-
|7 jo2014820927
|4 aut
|
| 245 |
1 |
4 |
|a Das Haus Liechtenstein in den böhmischen Ländern vom Mittelalter bis ins 20. Jahrhundert :
|b Güter, Rechte, Verwaltung /
|c Christoph Maria Merki, Josef Löffler ; herausgegeben von der Liechtensteinisch-Tschechischen Historikerkommission
|
| 264 |
|
1 |
|a Vaduz :
|b Historischer Verein für das Fürstentum Liechtenstein,
|c 2013
|
| 300 |
|
|
|a 375 stran :
|b ilustrace (některé barevné), mapy, genealogické tabulky ;
|c 23 cm
|
| 336 |
|
|
|a text
|b txt
|2 rdacontent
|
| 337 |
|
|
|a bez média
|b n
|2 rdamedia
|
| 338 |
|
|
|a svazek
|b nc
|2 rdacarrier
|
| 490 |
1 |
|
|a Veröffentlichungen der Liechtensteinisch-Tschechischen Historikerkommission ;
|v Band 5
|
| 504 |
|
|
|a Obsahuje bibliografie a bibliografické odkazy
|
| 600 |
3 |
7 |
|a Lichtenštejnové (rod)
|7 jx20060403053
|2 czenas
|
| 650 |
0 |
7 |
|a šlechtické rody
|7 ph127826
|z Česko
|2 czenas
|
| 655 |
|
7 |
|a sborníky
|7 fd163935
|2 czenas
|
| 651 |
|
7 |
|a Česko
|7 ge128065
|x dějiny
|2 czenas
|
| 700 |
1 |
|
|a Löffler, Josef,
|d 1980-
|7 jo2014820932
|4 aut
|
| 710 |
2 |
|
|a Česko-lichtenštejnská komise historiků
|7 mzk2013798615
|4 edt
|
| 830 |
|
0 |
|a Veröffentlichungen der Liechtensteinisch-Tschechischen Historikerkommission
|
| 910 |
|
|
|a BOA001
|b RK-0006.500
|
| 990 |
|
|
|a BK
|
| 991 |
|
|
|b 201601
|c NOV
|x 33
|
| 996 |
7 |
|
|b 261A007810
|c RK-0006.500
|l Rakouská knihovna/2.patro
|r ZHR
|n 5
|p dar
|h LI
|w 001523639
|u 000010
|a 0
|e BOA001
|j MZK50
|s A
|